Secrets / (Rekord nr 48353)
| 000 -ETYKIETA REKORDU | |
|---|---|
| podpole kontrolne o stałej długości | 00474nam a2200193 i 4500 |
| 001 - NUMER KONTROLNY REKORDU | |
| pole kontrolne | bgj |
| 020 ## - MIĘDZYNARODOWY ZNORMALIZOWANY NUMER KSIĄŻKI - ISBN | |
| ISBN | 0440176484 |
| 040 ## - ŹRÓDŁO KATALOGOWANIA | |
| Instytucja, która utworzyła rekord | BPK |
| 041 0# - KOD JĘZYKA | |
| Kod języka tekstu | eng |
| 920 ## - Międzynarodowy znormalizowany numer książki – ISBN | |
| ISBN | 0-44017648-4 |
| 008 - POLE O STAŁEJ DŁUGOŚCI - DANE KONTROLNE | |
| podpole kontrolne o stałej długości | s uk f |000 0 eng |
| 100 1# - NAZWA OSOBOWA | |
| Nazwa osobowa | STEEL, Daniel |
| 245 10 - TYTUŁ/ODPOWIEDZIALNOŚĆ | |
| Tytuł | Secrets / |
| Pozostałe elementy strefy tytułu i oznaczenia odpowiedzialności | Daniel Steel. |
| 260 ## - STREFA ADRESU WYDAWNICZEGO | |
| Miejsce wydania | New York : |
| Nazwa wydawcy/dystrybutora | A Dell Book, |
| Data publikacji, dystrybucji/powstania dokumentu | 1989. |
| 300 ## - STREFA OPISU FIZYCZNEGO | |
| Objętość | 442 pp ; |
| Rozmiary | 17 cm. |
| 650 #9 - HASŁO PRZEDMIOTOWE W FORMIE NAZWY OGÓLNEJ LUB JEDNOSTKOWEJ | |
| Nazwa ogólna lub geograficzna | American |Romantic Suspense Novels |
| 650 #9 - HASŁO PRZEDMIOTOWE W FORMIE NAZWY OGÓLNEJ LUB JEDNOSTKOWEJ | |
| Nazwa ogólna lub geograficzna | American Novels |
| 856 ## - LOKALIZACJA I DOSTĘP DO ELEKTRONICZNYCH DOKUMENTÓW ZDALNYCH | |
| Link (URL) | http://koha.tu.koszalin.pl/cgi-bin/koha/opac-detail.pl?biblionumber=48353 |
| Tekst linku | Katalog online BPK |
| 942 ## - DODATKOWE ELEMENTY (KOHA) | |
| Typ dokumentu | Książka |
| Wycofany | Status egzemplarza | Uszkodzony | Dostępność | Lokalizacja stała | Lokalizacja bieżąca | Miejsce przechowywania | Sygnatura | Kod kreskowy | Typ dokumentu |
|---|---|---|---|---|---|---|---|---|---|
| Dostępny | Biblioteka Politechniki Koszalińskiej | Biblioteka Politechniki Koszalińskiej | Wypożyczalnia Językowa | KA 5603 | 09084834 | Książka |
